Medicina militaris Slovaca : odborný časopis zdravotníckej služby ozbrojených síl Slovenskej republiky.

Uložené v:
Podrobná bibliografia
Korporatívny autor: Slovensko. Ministerstvo obrany
Médium: Časopis
Jazyk:Slovak
Vydané: Bratislava : Ministerstvo obrany SR - vydavateľské oddelenie komunikačného odboru Ministerstva obrany SR, 1999-2010.
Témy:
Fyzický popis: zv. ; 30 cm.
Tagy: Pridať tag
Žiadne tagy, Buďte prvý kto otaguje tento záznam!

MARC

LEADER 00000nas a2200000 a 4500
001 000301607
003 SVKK
005 20240903091338.0
008 020523d19992010xo ar|p|||||||0|||b0slo c
022 |a 1335-5139 
040 |a KE001  |b slo  |e AACR2 
041 0 |a slo 
044 |a xo  |c SK 
080 |a 61  |2 2006 
080 |a 355  |2 2006 
210 0 |a Med. mil. Slovaca 
222 0 |a Medicina militaris Slovaca 
245 0 0 |a Medicina militaris Slovaca :  |b odborný časopis zdravotníckej služby ozbrojených síl Slovenskej republiky. 
246 3 3 |a Medicina militaris Slovaca 
260 |a Bratislava :  |b Ministerstvo obrany SR - vydavateľské oddelenie komunikačného odboru Ministerstva obrany SR,  |c 1999-2010. 
300 |a zv. ;  |c 30 cm. 
310 |a 1x ročne,  |b 2004-2010 
321 |a 2x ročne,  |b 2001-2003 
321 |a 3x ročne,  |b 1999-2000 
362 0 |a Roč. 1, č. 1 (1999) - 
500 |a Predošlý podnázov v r. 1999-2002: odborný časopis zdravotníckej služby armády Slovenskej republiky 
550 |a Predošlý vydavateľ v r. 1/1999: Vojenská informačná a tlačová agentúra 
550 |a Predošlý vydavateľ v r. 2/1999-1/2000: Tlačové a informačné stredisko 
550 |a Predošlý vydavateľ v r. 2/2000-2006: Vydavateľská a informačná agentúra 
650 8 |a 61  |2 MDT 
650 8 |a 355  |2 MDT 
650 9 |a zdravotníctvo  |2 SKP 
650 9 |a vojenstvo  |2 SKP 
710 1 |a Slovensko.  |b Ministerstvo obrany 
910 |a KE001  |b C.7557 
998 |a SE 
090 |g CASOS  |k Sklad  |a C.7557  |j 189817  |i 2720133689  |s Zviazaný časopis 
090 |g CASOS  |k Sklad  |a C.7557  |j 202445  |i 2720216928  |s Zviazaný časopis 
090 |g CASOS  |k Sklad  |a C.7557  |j 206759  |i 2720119379  |s Zviazaný časopis 
090 |g CASOS  |k Sklad  |a C.7557  |j 208650  |i 2720219145  |s Zviazaný časopis 
090 |g CASOS  |k Sklad  |a C.7557  |j 210704  |i 2720154563  |s Zviazaný časopis 
090 |g CASOS  |k Sklad  |a C.7557  |j 214897  |i 2720219140  |s Zviazaný časopis 
090 |g CASOS  |k Sklad  |a C.7557  |j 218230  |i 2720185506  |s Zviazaný časopis 
090 |g CASOS  |k Sklad Zvonárska 19  |a C.7557  |j 222349  |i B135411  |s Zviazaný časopis 
090 |g CASOS  |k Sklad Zvonárska 19  |a C.7557  |j 226804  |i 2720244483  |s Zviazaný časopis 
090 |g CASOS  |k Sklad Zvonárska 19  |a C.7557  |j 230650  |i 2720223442  |s Zviazaný časopis 
090 |g CASOS  |k Sklad Zvonárska 19  |a C.7557  |j 233765  |i 2720238004  |s Zviazaný časopis 
090 |g CASOS  |k Sklad Zvonárska 19 posch.  |a C.7557  |j 219133  |i 2720137692  |s Zviazaný časopis 
090 |g CASOS  |k Študovňa časopisov  |a C.7557  |i 301607-250  |s Príručka / Študovňa